000 00605nam a2200193Ia 4500
005 20250508153626.0
008 008 250505s9999 xx 000 0 eng d
037 _aTextual
040 _aFEDL
_beng
_cFEDL
041 _aeng
_2eng
084 _a374.973, COL
_qFEDL
100 _aEly Mary L Ed.
_9759278
245 0 _aHandbook of adult education in the United States
245 0 _cColumbia University,Teachers College, Institute of Adult Education
260 _aColumbia
_bBureau of Publications
_c1948
300 _a555p.
942 _cTEXL
_h374.973, COL
999 _c1344508
_d1344508